000 00453nam a2200145 i 4500
001 96663
003 ES-MaACL
007 t|
008 050629s1937 gw ||||1| ger d
100 1 _aMandel, Hermann.
_975944
245 1 0 _aWirklechkeits ethik
_b: grundlegung arteigenen völkischen Rechtes und Ethos /
_cHermann Mandel.
260 _aLeipzig :
_b[s.n.],
_c1937 (
_fW. Hoppe)
300 _aXVI, 143 p. ;
_c24 cm.
852 _aES-MaACL
_jB-9528
_bR.18862
999 _c96663
_d96663